Moldovan History Quiz 2025 - Statistics

General Stats
  • This quiz has been taken 77 times
  • The average score is 8 of 15
Answer Stats
Hint Answer % Correct
Independent since 1991
94%
Closest Ally Romania
91%
Former Part of USSR
88%
Number of Presidents 6
81%
Main Language Romanian
81%
Biggest Enemy Russia
78%
Capital Chișinău
72%
Current President Maia Sandu
63%
Number of Districts 32
53%
Number of Political Parties 45
34%
Currency Moldovan Leu
34%
Rank in Military Charts 134
19%
Form of Government Parliamentary republic
19%
Main Export Insulated Wire
6%
Main Religion Eastern Orthodox Christianity
3%
No matching quizzes found
Score Distribution
Percent of People with Each Score
Percentile by Number Answered
Your Score History
You have not taken this quiz